Statistics for 2022 FIFA World Cup - Group A Players and Managers

Click here to take the quiz!

General Stats

  • This quiz has been taken 5 times
  • The average score is 44 of 108

Answer Stats

CountryNumberPositionPlayer% Correct
Netherlands23GKAndries Noppert
100%
Senegal9FWBoulaye Dia
100%
Netherlands17DFDaley Blind
100%
Netherlands14MFDavy Klaassen
100%
Ecuador13FWEnner Valencia
100%
Netherlands21MFFrenkie de Jong
100%
NetherlandsManagerLouis van Gaal
100%
Netherlands9FWLuuk de Jong
100%
Netherlands15MFMarten de Roon
100%
Netherlands10FWMemphis Depay
100%
Ecuador7DFPervis Estupinan
100%
Netherlands6DFStefan de Vrij
100%
Netherlands11MFSteven Berghuis
100%
Netherlands7FWSteven Bergwijn
100%
Netherlands4DFVirgil van Dijk
100%
Netherlands19FWWout Weghorst
100%
Senegal22DFAbdou Diallo
75%
Qatar11FWAkram Afif
75%
SenegalManagerAliou Cisse
75%
Netherlands8FWCody Gakpo
75%
Netherlands22DFDenzel Dumfries
75%
Senegal16GKEdouard Mendy
75%
Senegal2DFFormose Mendy
75%
Senegal5MFIdrissa Gueye
75%
Senegal18FWIsmaila Sarr
75%
Netherlands2DFJurrien Timber
75%
Netherlands13GKJustin Bijlow
75%
Senegal3DFKalidou Koulibaly
75%
Senegal15MFKrepin Diatta
75%
Netherlands3DFMatthijs de Ligt
75%
Senegal6MFNampalys Mendy
75%
Netherlands5DFNathan Ake
75%
Netherlands12FWNoa Lang
75%
Senegal4DFPape Abou Cisse
75%
Senegal26MFPape Gueye
75%
Senegal17MFPape Matar Sarr
75%
Senegal11MFPathe Ciss
75%
Netherlands1GKRemko Pasveer
75%
Netherlands25MFXavi Simons
75%
Qatar19FWAlmoez Ali
50%
Ecuador17DFAngelo Preciado
50%
Ecuador9MFAyrton Preciado
50%
Senegal8DFCheikhou Kouyate
50%
QatarManagerFelix Sanchez
50%
Ecuador19MFGonzalo Plata
50%
Netherlands26DFJeremie Frimpong
50%
Netherlands24MFKenneth Taylor
50%
Ecuador23MFMoises Caicedo
50%
Ecuador3DFPiero Hincapie
50%
Netherlands20MFTeun Koopmeiners
50%
Netherlands16DFTyrell Malacia
50%
Netherlands18FWVincent Janssen
50%
Senegal21DFYoussouf Sabaly
50%
Qatar3MFAbdelkarim Hassan
25%
Ecuador22GKAlexander Dominguez
25%
Senegal23GKAlfred Gomis
25%
Ecuador15MFAngel Mena
25%
Ecuador24FWDjorkaeff Reasco
25%
Senegal19FWFamara Diedhiou
25%
Senegal12DFFode Ballo-Toure
25%
EcuadorManagerGustavo Alfaro
25%
Ecuador1GKHernan Galindez
25%
Senegal13FWIliman Ndiaye
25%
Senegal14DFIsmail Jakobs
25%
Ecuador25DFJackson Porozo
25%
Ecuador16MFJeremy Sarmiento
25%
Senegal10DFMoussa N'Diaye
25%
Ecuador10MFRomario Ibarra
25%
Qatar21GKYousef Hassan
25%
Qatar6MFAbdulaziz Hatem
0%
Qatar7FWAhmed Alaaeldin
0%
Ecuador21MFAlan Franco
0%
Qatar8MFAli Assadalla
0%
Qatar23MFAssim Madibo
0%
Senegal20FWBamba Dieng
0%
Qatar15DFBassam Al-Rawi
0%
Qatar16DFBoualem Khoukhi
0%
Ecuador8MFCarlos Gruezo
0%
Ecuador18DFDiego Palacios
0%
Ecuador2DFFelix Torres
0%
Qatar10MFHassan Al-Haydos
0%
Qatar14DFHomam Ahmed
0%
Qatar17DFIsmaeel Mohammad
0%
Qatar25MFJassem Gaber
0%
Ecuador5MFJose Cifuentes
0%
Qatar12MFKarim Boudiaf
0%
Ecuador26FWKevin Rodriguez
0%
Qatar18FWKhalid Muneer
0%
Senegal25MFMamadou Loum
0%
Qatar22GKMeshaal Barsham
0%
Ecuador11FWMichael Estrada
0%
Qatar9FWMohammed Muntari
0%
Qatar4DFMohammed Waad
0%
Ecuador12GKMoises Ramirez
0%
Qatar26MFMostafa Meshaal
0%
Senegal24DFMoustapha Name
0%
Qatar13DFMusab Kheder
0%
Qatar24MFNaif Al-Hadhrami
0%
Senegal7FWNicolas Jackson
0%
Ecuador4DFRobert Arboleda
0%
Qatar2DFRo-Ro
0%
Qatar1GKSaad Al-Sheeb
0%
Qatar20MFSalem Al-Hajri
0%
Ecuador20MFSebas Mendez
0%
Senegal1GKSeny Dieng
0%
Qatar5DFTarek Salman
0%
Ecuador6DFWilliam Pacho
0%
Ecuador14DFXavier Arreaga
0%

Score Distribution

Percentile by Number Answered

Percent of People with Each Score

Your Score History

You have not taken this quiz